000 00774nam a22002417a 4500
005 20170124105930.0
010 _aA-899815
020 _c00.00
_a8121003601
035 _aA-899815
037 _bCen Lib/Ret
040 _aDPL
_bEN
082 _a388.4
_bRAO
100 _aRao, D. Panduranga
_94979
245 _aUrban passenger transportation /
_cby D. Panduranga Rao [and] K. Satya Murthy
260 _aNew Delhi
_bInter-India Publications
_c1997
270 _aD-17, Raja Garden Extn.
_bNew Delhi
_e110015
300 _a416p.
_c21cm(Hb)
500 _aIncludes bibliographical references and index
650 _aUrban transportation
_934395
650 _aRoad accidents
_934396
700 _aMurthy, K. Satya
_98067
942 _2ddc
_cEN
_h388.4
_mRAO
999 _c123795
_d123795